Stem cells technologies (Record no. 233621)

000 -LEADER
fixed length control field 01318cam a2200373 a 4500
001 - CONTROL NUMBER
control field 16618121
003 - CONTROL NUMBER IDENTIFIER
control field Nust
005 - DATE AND TIME OF LATEST TRANSACTION
control field 20170309120741.0
008 - FIXED-LENGTH DATA ELEMENTS--GENERAL INFORMATION
fixed length control field 110121s2011 nyua b 001 0 eng c
010 ## - LIBRARY OF CONGRESS CONTROL NUMBER
LC control number 2011921343
020 ## - INTERNATIONAL STANDARD BOOK NUMBER
International Standard Book Number 0071635726
035 ## - SYSTEM CONTROL NUMBER
System control number (OCoLC)ocn727302872
040 ## - CATALOGING SOURCE
Original cataloging agency NLM
Transcribing agency ASAB
Modifying agency CSA
-- DLC
042 ## - AUTHENTICATION CODE
Authentication code pcc
050 00 - LIBRARY OF CONGRESS CALL NUMBER
Classification number QH588.S83
Item number A33 2011
060 00 - NATIONAL LIBRARY OF MEDICINE CALL NUMBER
Classification number 2011 D-692
060 10 - NATIONAL LIBRARY OF MEDICINE CALL NUMBER
Classification number QU 325
082 ## - DEWEY DECIMAL CLASSIFICATION NUMBER
Classification number 616.01
245 00 - TITLE STATEMENT
Title Stem cells technologies
Remainder of title basics and applications
Statement of responsibility, etc. Kaushik D Deb
260 ## - PUBLICATION, DISTRIBUTION, ETC.
Place of publication, distribution, etc. New York :
Name of publisher, distributor, etc. Humana Press,
Date of publication, distribution, etc. c2011.
300 ## - PHYSICAL DESCRIPTION
Extent xi, 279 p. :
Other physical details ill. (some col.) ;
Dimensions 27 cm.
490 1# - SERIES STATEMENT
Series statement Stem cell biology and regenerative medicine
650 #0 - SUBJECT ADDED ENTRY--TOPICAL TERM
Topical term or geographic name entry element Stem Cells.
650 #0 - SUBJECT ADDED ENTRY--TOPICAL TERM
Topical term or geographic name entry element Adult stem cells.
650 12 - SUBJECT ADDED ENTRY--TOPICAL TERM
Topical term or geographic name entry element Adult Stem Cells
General subdivision cytology.
650 22 - SUBJECT ADDED ENTRY--TOPICAL TERM
Topical term or geographic name entry element Cytological Techniques.
906 ## - LOCAL DATA ELEMENT F, LDF (RLIN)
a 7
b cbc
c pccadap
d 2
e ncip
f 20
g y-gencatlg
942 ## - ADDED ENTRY ELEMENTS (KOHA)
Source of classification or shelving scheme
Koha item type Book
Holdings
Withdrawn status Lost status Source of classification or shelving scheme Damaged status Not for loan Collection code Permanent Location Current Location Date acquired Total Checkouts Full call number Barcode Date last seen Price effective from Koha item type
            Atta-ur-Rahman School of Applied Biosciences (ASAB) Atta-ur-Rahman School of Applied Biosciences (ASAB) 03/09/2017   616.01 DEB ASAB2233 03/09/2017 03/09/2017 Book
© 2023 Central Library, National University of Sciences and Technology. All Rights Reserved.